Conta il più in alto possibile - 1 minuto di sprint - Statistics

Statistiche generali
  • Questo quiz è stato fatto 1.974 volte
  • Il punteggio medio è 72 su 200
Statistiche sulle risposte
# % Corretto
1
100%
2
99%
3
98%
4
98%
5
97%
6
97%
7
97%
8
96%
9
96%
10
95%
11
94%
12
94%
13
94%
14
93%
15
93%
16
93%
17
93%
18
92%
19
92%
20
92%
21
91%
22
91%
23
91%
24
91%
25
91%
26
91%
27
91%
28
91%
29
91%
30
90%
31
90%
32
90%
33
90%
34
90%
35
89%
36
89%
37
89%
38
89%
39
88%
40
88%
41
87%
42
86%
43
86%
44
85%
45
84%
46
84%
47
83%
48
83%
49
83%
50
82%
51
81%
52
80%
53
80%
54
79%
55
78%
56
78%
57
77%
58
76%
59
75%
60
73%
61
70%
62
70%
63
69%
64
68%
65
66%
66
65%
67
63%
68
62%
69
61%
70
58%
71
56%
72
55%
73
53%
74
52%
75
51%
76
50%
77
49%
78
46%
79
45%
80
43%
81
41%
82
40%
83
40%
84
39%
85
37%
86
36%
87
35%
88
34%
89
32%
90
30%
91
28%
92
28%
93
27%
94
26%
95
25%
96
25%
97
24%
98
23%
99
21%
100
20%
101
16%
102
14%
103
13%
104
12%
105
10%
106
9%
107
8%
108
7%
109
6%
110
6%
111
5%
112
4%
113
4%
114
3%
115
3%
116
3%
117
2%
118
2%
119
2%
120
2%
121
1%
122
1%
123
1%
124
1%
125
1%
126
1%
127
1%
128
0%
129
0%
130
0%
131
0%
132
0%
133
0%
134
0%
135
0%
136
0%
137
0%
138
0%
139
0%
140
0%
141
0%
142
0%
143
0%
144
0%
145
0%
146
0%
147
0%
148
0%
149
0%
150
0%
151
0%
152
0%
153
0%
154
0%
155
0%
156
0%
157
0%
158
0%
159
0%
160
0%
161
0%
162
0%
163
0%
164
0%
165
0%
166
0%
167
0%
168
0%
169
0%
170
0%
171
0%
172
0%
173
0%
174
0%
175
0%
176
0%
177
0%
178
0%
179
0%
180
0%
181
0%
182
0%
183
0%
184
0%
185
0%
186
0%
187
0%
188
0%
189
0%
190
0%
191
0%
192
0%
193
0%
194
0%
195
0%
196
0%
197
0%
198
0%
199
0%
200
0%
Nessun quiz corrispondente trovato
Distribuzione punteggi
Percentuale di utenti per punteggio
Percentile per numero di risposta
I tuoi punteggi nel tempo
Non hai fatto questo quiz